Datum a čas kvízu
23.5
Celkem bodů
Celkový počet nahraných bodů na tomto kvízu bez doplňovacích otázek.
8.
Pořadí na kvízu
Konečné umístění týmu na tomto kvízu.
Zaznamenané odpovědi
| # | Otázka | Odpověď | Body | Výsledky |
|---|---|---|---|---|
| 1. | Prezident Pavel si při své dvo... | TON | 0 | |
| 2. | Ve které evropské zemi vyhrála... | v Chorvatsku | 1 | |
| 3. | Devětadvacetiletý Nigerijec Tu... | hrál šachy | 0 | |
| 4. | Společnost Skytrax každoročně... | Katar | 1 | |
| 5. | Při závodě třídy Moto3 ve Velk... | snažil se nastartovat soupeřovu motorku | 0 | |
| 6. | Jihoafrická republika má de fa... | Kapské město; Bloemfontein | 0.5 | |
| 7. | Které evropské hlavní město se... | Oslo | 0 | |
| 8. | Zatímco některé země mají hlav... | o Nauru | 1 | |
| 9. | Které malebné hlavní město lež... | Tallinn | 0 | |
| 10. | Kazachstán drží rekord v přejm... | Astana; Nur-Sultan | 0.5 |